Leader xxxxxxxxxx
001 __ PCLIS00050659
005 __ 20220214131039.0
009 __ |a(CIP)99000007
010 0_ |a978-957-522-868-2|b電子書|dNT$1820
042 __ |anbic
100 __ |a20140918h20122010m y0chiy09 e
101 0_ |achi
102 __ |atw
105 __ |ay z 000cy
135 __ |avrcn mumur
200 1_ |a旅人的眼睛|f張讓著
205 __ |a初版
210 __ |a臺北市|c聯合文學出版|a新北市汐止區|c聯合線上數位發行|d2012, c2010
215 __ |a1件線上資源(197面)
225 2_ |a聯合文叢|v475
225 2_ |a聯合文學|v528
300 __ |a電子書
300 __ |a技術細節註: 檔案格式: EPUB, PDF ; 系統平臺: Windows OS, iOS, Android
327 1_ |a自序 旅行的難題--I, 海和山: 緬因的岩石海岸 ; 緬因記事 ; 意象旅行 ; 山脈、沙丘、牧場、荒城、傳奇--II, 新墨西哥州: 吞嚥大地和天空 ; 新墨西哥的風沙 ; 在印第安人的土地上 ; 走,到新墨西哥去!--III, 走訪小鎮: 失落的時間? ; 時間原來是風情 ; 未來的中站 ; 從花園城到邊緣城--IV, 徒步: 一步又一步 ; 從史前走來 ; 也是我家後院--V, 探索: 人在廢墟 ; 機場、過境和不在場 ; 旅人的眼睛 ; 一人旅行時 ; 也許有一個地方
330 __ |a旅行時,邁開腿腳,身體在動;眼見耳聞鼻嗅手觸,感官在動;興致高低好壞,情緒在動;對所見種種好奇追究,心智在動。這書記的便是旅遊中的身心狀態。電影的鏡頭緩緩移動,遠闊的風景,沒多久,定格停佇,天人遙望的畫面,十多秒,這就是張讓。感性內斂,卻又灑脫縱橫,獨有況味的散文,我們說它很「張讓」,與大多數柔情婉約的女作家不同,即便寫旅遊,依然維持一貫的知性,在流動的風景中,帶領讀者探索旅途中所觀所聽所聞所思。美國小鎮獨特的情趣韻致、安娜堡和石城的大學風光、新墨西哥蕩滌人心的荒闊天地、新英格蘭嶙峋崢嶸的海岸,她一揮筆桿、敲擊出智者般鏗鏗哲思,讓每一道風景,因陽光照耀,有影子斜出、有立體感、有了個性稜稜錚錚。不光是身體的移動、不只浮光掠影,跟著張讓的散文奔馳遨遊,我們得以凝視那繁華背後的廢棄、與廢棄背後的文明隱喻。緩緩移動的鏡頭再度定格,畫面靜寂空曠,不是一切的結束,而是張讓式的文字況味,如湖畔的霧氣,正氤氳蒸騰。「我已像空氣和沙漠那樣擴散無形,再沒法收回來塞進世俗和常規裡面。每晚夢裡總又回到空曠野外,在一片神奇的天空下冶遊,醒來依舊在屋宇之中。」 - 張讓 通過書中文字如攝影般剎那停格的美感,我們攝取了許多時光片段,有時置身小鎮或廢墟,在孤立的時空中體會繁華敗落都是景,更多的時候則跌宕於作者徒步撰寫的生命之書中,重新體認自然、發現自己。
461 _0 |12001 |a聯合文叢|v475
461 _0 |12001 |a聯合文學|v528
681 __ |a855|b876
681 __ |a855.48|b1100
700 _1 |a張|b讓|4著
801 _0 |atw|b臺東大學|c20140918|gCCR
801 _1 |atw|b內湖高中|c20161201|gCCR
801 _2 |atw|b內湖高中|c20220214|gCCR
856 40 |uhttps://reading.udn.com/udnlib/nhsh/B/34932|zUDN讀書館
|